000 00641nam a22002057a 4500
003 OSt
005 20260427081214.0
008 260427b |||||||| |||| 00| 0 eng d
020 _a0-07-121042-3
040 _aDWCL-Main lib.
_cOC
082 _26th ed.
_aCirc. 624 P462 2002
100 _aPeurifoy, Robert L.
245 _aConstruction planning, equipment, and methods/
_c Robert L. Peurifoy
250 _a6th ed.
260 _aU.S.A. :
_bMcGraw-Hill higher education,
_cc2002.
300 _axvii 669 pages ;
_c23 cm.
504 _aInclude index.
700 _aSchexnayder, Clifford J.
942 _2ddc
_cBK-CIRC
_e6th ed.
_hCirc.
_n0
999 _c9959
_d9959